[Event "10. Lovsprings EMT Basis 1 1998"]
[Site "Ringsted"]
[Date "1998.03.13"]
[Round "1"]
[White "Andersson, Martin"]
[Black "Olsen, Morten Henrik"]
[Result "1-0"]
[WhiteElo "1659"]
[BlackElo "1724"]
[PlyCount "83"]
[EventDate "1998.??.??"]

1. e4 c5 2. Nf3 d6 3. d4 cxd4 4. Nxd4 Nf6 5. Bd3 g6 6. Be3 Bg7 7. f3 O-O 8. g4
Nc6 9. Qd2 Bd7 10. h4 h5 11. gxh5 Nxh5 12. c3 Nxd4 13. cxd4 Qb6 14. Be2 Ng3 15.
Rg1 Nxe2 16. Kxe2 Qb5+ 17. Kf2 Qh5 18. Rh1 f5 19. e5 dxe5 20. dxe5 Bc6 21. Rh3
Bxe5 22. Nc3 Rfd8 23. Qe2 Kf8 24. Qc4 f4 25. Bc5 Rd2+ 26. Ne2 Rad8 27. Rg1 R8d3
28. Rg5 Bxf3 29. Qxd3 Rxe2+ 30. Kf1 Bg2+ 31. Rxg2 Rxg2 32. Kxg2 Qg4+ 33. Kf2
Bf6 34. Qf3 Bxh4+ 35. Kf1 Qg5 36. Bxa7 Qf6 37. Qxb7 g5 38. Rd3 g4 39. Qc8+ Kf7
40. Qxg4 Bg3 41. Qh5+ Ke6 42. Qd5# 1-0

[Event "10. Lovsprings EMT Basis 1 1998"]
[Site "Ringsted"]
[Date "1998.03.13"]
[Round "1"]
[White "Dickow, Flemming"]
[Black "Christensen, Henrik"]
[Result "0-1"]
[WhiteElo "1665"]
[BlackElo "1805"]
[PlyCount "110"]
[EventDate "1998.??.??"]

1. e4 d6 2. d4 g6 3. Nc3 Bg7 4. f4 c6 5. Be3 Qc7 6. Nf3 Nd7 7. Bd3 e5 8. Qd2
Ne7 9. dxe5 dxe5 10. f5 gxf5 11. exf5 Nf6 12. Nh4 Bd7 13. h3 Ned5 14. Ne4 h5
15. Nf3 Nxe3 16. Nxf6+ Bxf6 17. Qxe3 Qa5+ 18. c3 O-O-O 19. Be4 Rdg8 20. O-O Bd8
21. Kh2 h4 22. Rfd1 Rh5 23. b4 Qc7 24. Qxa7 Bxf5 25. Qa8+ Qb8 26. Qxb8+ Kxb8
27. Bxf5 Rxf5 28. Re1 Rf4 29. Nxe5 Bc7 30. Kh1 Rf2 31. Ng4 Rd2 32. Rf1 Rgd8 33.
Rxf7 Rc2 34. Rf2 Rxc3 35. a4 Bg3 36. Rf3 Rc4 37. Ne3 Rxb4 38. Nf5 Bc7 39. g4
hxg3 40. Nxg3 Rdd4 41. Nf5 Rxa4 42. Rxa4 Rxa4 43. h4 Rf4 44. Kg2 Rxf3 45. Kxf3
Be5 46. Ke4 Bf6 47. h5 Kc7 48. h6 Kd7 49. Ng7 Ke7 50. Nf5+ Kf8 51. Kd3 Kg8 52.
Kc4 b6 53. Nd6 Be7 54. Nc8 b5+ 55. Kb3 Bc5 0-1

[Event "10. Lovsprings EMT Basis 1 1998"]
[Site "Ringsted"]
[Date "1998.03.13"]
[Round "1"]
[White "Eckert, Svend"]
[Black "Jensen, Dennis"]
[Result "1-0"]
[WhiteElo "1604"]
[BlackElo "1648"]
[PlyCount "129"]
[EventDate "1998.??.??"]

1. d4 d5 2. Nf3 Nf6 3. e3 e6 4. Bd3 Be7 5. Nbd2 Nbd7 6. O-O b6 7. e4 dxe4 8.
Nxe4 Bb7 9. Neg5 h6 10. Nxe6 fxe6 11. Bg6+ Kf8 12. Qe2 Bxf3 13. Qxf3 Kg8 14.
Bf4 Nf8 15. Bd3 Bd6 16. Be3 Rb8 17. Rad1 Nd5 18. c4 Nf6 19. c5 Be7 20. b4 Nd5
21. Bd2 Bg5 22. Bc4 Bxd2 23. Rxd2 b5 24. Bb3 c6 25. Re1 Qf6 26. Qg3 Qf4 27.
Bxd5 Qxg3 28. Bxe6+ Nxe6 29. hxg3 Kf7 30. d5 cxd5 31. Rxd5 Rhe8 32. Rd7+ Re7
33. Red1 Rb7 34. R7d6 Ke8 35. f4 Rbd7 36. Re1 Nf8 37. Rdd1 Rxd1 38. Rxd1 Rd7
39. Re1+ Re7 40. Ra1 Re4 41. a3 a6 42. Kf2 Kd7 43. Rd1+ Kc7 44. Kf3 Re6 45. g4
Rf6 46. g3 Nd7 47. Re1 Kc6 48. Re7 g5 49. f5 Kc7 50. Ke4 Kd8 51. Rh7 Rc6 52.
Rh8+ Ke7 53. Kd5 Rf6 54. Rh7+ Ke8 55. Rh8+ Nf8 56. c6 Kd8 57. Rg8 Rf7 58. Kd6
Rf6+ 59. Kc5 Rf7 60. Kb6 Kc8 61. Kxa6 Kc7 62. Kxb5 Nh7 63. Ra8 Kd6 64. Kb6 Rc7
65. Rd8+ 1-0

[Event "10. Lovsprings EMT Basis 1 1998"]
[Site "Ringsted"]
[Date "1998.03.13"]
[Round "1"]
[White "Hansen, Jens Hjort"]
[Black "Mortensen, Martin Lind"]
[Result "1/2-1/2"]
[WhiteElo "1729"]
[BlackElo "1828"]
[PlyCount "59"]
[EventDate "1998.??.??"]

1. e4 Nf6 2. e5 Nd5 3. d4 d6 4. c4 Nb6 5. f4 dxe5 6. fxe5 Nc6 7. Be3 Bf5 8. Nf3
Nb4 9. Na3 e6 10. Be2 Be7 11. O-O O-O 12. Qb3 a5 13. Ne1 f6 14. Rxf5 exf5 15.
e6 c6 16. Nac2 a4 17. Qc3 Na6 18. Rd1 Nc8 19. c5 Nc7 20. Nb4 Kh8 21. g4 fxg4
22. Bxg4 f5 23. Bf3 f4 24. Bf2 Bf6 25. Qc4 Ne7 26. Ned3 Ned5 27. Nxd5 cxd5 28.
Qb4 Rb8 29. Bg4 Be7 30. Ne5 1/2-1/2

[Event "10. Lovsprings EMT Basis 1 1998"]
[Site "Ringsted"]
[Date "1998.03.13"]
[Round "1"]
[White "Holst, Peter Stein"]
[Black "Jensen, Karsten"]
[Result "1/2-1/2"]
[WhiteElo "1840"]
[BlackElo "1786"]
[PlyCount "62"]
[EventDate "1998.??.??"]

1. d4 Nf6 2. Nc3 d5 3. Bg5 Ne4 4. Nxe4 dxe4 5. c3 Qd5 6. Bf4 Qa5 7. Qc2 Bf5 8.
e3 Nd7 9. h3 e5 10. dxe5 Nxe5 11. Bxe5 Qxe5 12. Qa4+ Bd7 13. Qb3 Bd6 14. Ne2
O-O 15. Nd4 b5 16. g3 Kh8 17. Bg2 c5 18. Ne2 a5 19. Rd1 Bc6 20. O-O a4 21. Qc2
Bc7 22. Rd2 Rad8 23. Rfd1 Rxd2 24. Rxd2 Rd8 25. Rxd8+ Bxd8 26. g4 g6 27. Ng3 f5
28. gxf5 gxf5 29. Qd1 Bc7 30. Qh5 Bd7 31. Qf7 Qg7 1/2-1/2

[Event "10. Lovsprings EMT Basis 1 1998"]
[Site "Ringsted"]
[Date "1998.03.13"]
[Round "1"]
[White "Larsen, Soren M"]
[Black "Henriksen, Kasper"]
[Result "0-1"]
[WhiteElo "1866"]
[BlackElo "1737"]
[PlyCount "72"]
[EventDate "1998.??.??"]

1. e4 c5 2. Nf3 d6 3. d4 cxd4 4. Nxd4 Nf6 5. Nc3 a6 6. Bd3 e5 7. Nf3 Nbd7 8.
Bg5 Be7 9. O-O O-O 10. Re1 b5 11. Bxf6 Nxf6 12. Nd5 Nxd5 13. exd5 f5 14. Bf1
Bb7 15. c4 bxc4 16. Bxc4 Rc8 17. b3 Rc5 18. Nxe5 dxe5 19. d6+ Kh8 20. dxe7 Qxe7
21. Qe2 a5 22. Rad1 Qg5 23. f3 e4 24. fxe4 Bxe4 25. Qf2 Rcc8 26. Bd5 Rfd8 27.
Bxe4 Rxd1 28. Rxd1 fxe4 29. Re1 Re8 30. Qe3 Qe5 31. Rd1 h6 32. Rd4 Qc5 33. Kf2
Rf8+ 34. Ke1 Qc2 35. Qe2 Qc3+ 36. Rd2 e3 0-1

[Event "10. Lovsprings EMT Basis 1 1998"]
[Site "Ringsted"]
[Date "1998.03.13"]
[Round "1"]
[White "Rasmussen, Henning"]
[Black "Nielsen, Carl Otto"]
[Result "1/2-1/2"]
[WhiteElo "1812"]
[BlackElo "1679"]
[PlyCount "55"]
[EventDate "1998.??.??"]

1. e4 c5 2. Nf3 Nc6 3. d4 cxd4 4. Nxd4 Nf6 5. Nc3 e5 6. Nb3 Bb4 7. Bc4 O-O 8.
f3 h6 9. Bd2 d6 10. a3 Bxc3 11. Bxc3 Be6 12. Bxe6 fxe6 13. O-O a5 14. Kh1 a4
15. Nc1 d5 16. Nd3 d4 17. Bb4 Re8 18. Be1 Qc7 19. Qe2 Rac8 20. Rc1 Qd6 21. Bb4
Nxb4 22. Nxb4 Rc5 23. Rcd1 Qc7 24. Rd2 Rc8 25. Rfd1 Nh5 26. g3 Nf6 27. Kg2 Kh7
28. Qd3 1/2-1/2

[Event "10. Lovsprings EMT Basis 1 1998"]
[Site "Ringsted"]
[Date "1998.03.20"]
[Round "2"]
[White "Andersson, Martin"]
[Black "Eckert, Svend"]
[Result "0-1"]
[WhiteElo "1659"]
[BlackElo "1604"]
[PlyCount "74"]
[EventDate "1998.??.??"]

1. e4 c6 2. d4 d5 3. e5 Bf5 4. g4 Be4 5. f3 Bg6 6. h4 h6 7. h5 Bh7 8. e6 fxe6
9. Bd3 Qd6 10. Ne2 Nd7 11. Bxh7 Rxh7 12. Qd3 Ngf6 13. Qg6+ Kd8 14. Bf4 e5 15.
dxe5 Nxe5 16. Qf5 Nxf3+ 17. Kf2 e5 18. Bg3 Qc5+ 19. Kg2 e4 20. Nbc3 Bd6 21.
Bxd6 Qxd6 22. Nxe4 dxe4 23. Rad1 Nh4+ 24. Rxh4 Qxd1 25. Nf4 Qd7 26. Qe5 Nd5 27.
Ne6+ Qxe6 28. Qd4 Kc7 29. g5 Re8 30. g6 Rhh8 31. Qxa7 Qf6 32. Qa5+ Kb8 33. Qe1
Re5 34. Rxe4 Qg5+ 35. Kh1 Qxh5+ 36. Qh4 Qxh4+ 37. Rxh4 Re1+ 0-1

[Event "10. Lovsprings EMT Basis 1 1998"]
[Site "Ringsted"]
[Date "1998.03.20"]
[Round "2"]
[White "Christensen, Henrik"]
[Black "Henriksen, Kasper"]
[Result "1/2-1/2"]
[WhiteElo "1805"]
[BlackElo "1737"]
[PlyCount "140"]
[EventDate "1998.??.??"]

1. b3 d5 2. Bb2 c5 3. e3 e6 4. Nf3 Nf6 5. Be2 Bd6 6. c4 Nc6 7. d4 cxd4 8. exd4
O-O 9. O-O b6 10. Nc3 dxc4 11. bxc4 Bb7 12. Nb5 Rc8 13. Nxd6 Qxd6 14. Qa4 Rfd8
15. Rad1 Na5 16. Ne5 Bc6 17. Nxc6 Qxc6 18. Qxc6 Rxc6 19. d5 exd5 20. Bxf6 Rxf6
21. cxd5 Rfd6 22. Bf3 Nc4 23. g3 Ne5 24. Bg2 b5 25. Rfe1 Nc6 26. a3 Kf8 27. Re2
Ne7 28. Rc2 a5 29. Rc5 Rb8 30. Re1 b4 31. Rxa5 b3 32. Rb1 b2 33. a4 Rdb6 34.
Rc5 Rb4 35. d6 Ng6 36. d7 Ke7 37. Bh3 Rxa4 38. Rc2 Ra1 39. Re2+ Kd6 40. Ree1
Rxb1 41. Rxb1 Kc7 42. Kf1 Ne5 43. Ke2 Nc4 44. Bf5 Na3 45. Rd1 g6 46. Be4 Rd8
47. Rd3 b1=Q 48. Rc3+ Kxd7 49. Bxb1 Nxb1 50. Rb3 Re8+ 51. Kd1 Ke7 52. Rxb1 Kf6
53. Rb2 h5 54. Re2 Rxe2 55. Kxe2 Kg5 56. f3 h4 57. Ke3 f5 58. Kd4 hxg3 59. hxg3
f4 60. g4 Kh4 61. Ke4 g5 62. Kf5 Kg3 63. Kxg5 Kxf3 64. Kh5 Ke4 65. g5 f3 66. g6
f2 67. g7 f1=R 68. g8=Q Rh1+ 69. Kg6 Rg1+ 70. Kf7 Rxg8 1/2-1/2

[Event "10. Lovsprings EMT Basis 1 1998"]
[Site "Ringsted"]
[Date "1998.03.20"]
[Round "2"]
[White "Dickow, Flemming"]
[Black "Rasmussen, Henning"]
[Result "0-1"]
[WhiteElo "1665"]
[BlackElo "1812"]
[PlyCount "76"]
[EventDate "1998.??.??"]

1. e4 c5 2. Nc3 Nc6 3. g3 g6 4. Bg2 Bg7 5. Nge2 Nf6 6. d3 O-O 7. h3 e6 8. Be3
b6 9. Qc1 d5 10. exd5 Nxd5 11. Nxd5 exd5 12. O-O Bb7 13. Bh6 d4 14. Bxg7 Kxg7
15. h4 Qd7 16. Nf4 Ne5 17. Bxb7 Qxb7 18. f3 Nxf3+ 19. Kf2 Ne5 20. Kg1 Rfe8 21.
Nh5+ gxh5 22. Qg5+ Ng6 23. Rf5 Re2 24. Rd5 Rae8 25. Rf1 Qe7 26. Qf5 Qe6 27.
Qxh5 Re5 28. Rxe5 Qxe5 29. Qxe5+ Rxe5 30. Rf2 Re3 31. Kg2 Ne5 32. b3 f6 33. a4
h5 34. Rd2 Kg6 35. Rf2 Re1 36. Kh3 Ng4 37. Rf3 Rh1+ 38. Kg2 Rh2+ 0-1

[Event "10. Lovsprings EMT Basis 1 1998"]
[Site "Ringsted"]
[Date "1998.03.20"]
[Round "2"]
[White "Holst, Peter Stein"]
[Black "Hansen, Jens Hjort"]
[Result "0-1"]
[WhiteElo "1840"]
[BlackElo "1729"]
[PlyCount "104"]
[EventDate "1998.??.??"]

1. e4 c5 2. Nf3 d6 3. d4 cxd4 4. Nxd4 Nf6 5. Nc3 a6 6. Be3 e6 7. Qd2 Be7 8. f3
b5 9. O-O-O b4 10. Nce2 Nbd7 11. g4 Ne5 12. Ng3 Qc7 13. Kb1 Bb7 14. h4 Nfd7 15.
g5 d5 16. f4 Nc4 17. Bxc4 dxc4 18. Nh5 O-O-O 19. Ng3 c3 20. Qe2 Nc5 21. b3 Nxe4
22. Nxe4 Bxe4 23. Rhf1 Rd6 24. Nf3 Bxf3 25. Qxf3 Rhd8 26. Qa8+ Kd7 27. Qxa6 Ke8
28. Rxd6 Bxd6 29. Qb5+ Qd7 30. Qxd7+ Rxd7 31. Rd1 Ke7 32. Rd3 f6 33. Kc1 e5 34.
gxf6+ gxf6 35. fxe5 fxe5 36. Rd1 Ke6 37. Rg1 Rf7 38. Kb1 Rf3 39. Bg5 e4 40. Re1
Kf5 41. Bc1 Bf4 42. Bxf4 Kxf4 43. a3 bxa3 44. b4 Rf2 45. b5 Ke5 46. b6 Rf6 47.
Ka2 Rxb6 48. Kxa3 Kd4 49. Rd1+ Kc4 50. Ka2 Rb2+ 51. Ka3 Rxc2 52. Ka4 Ra2# 0-1

[Event "10. Lovsprings EMT Basis 1 1998"]
[Site "Ringsted"]
[Date "1998.03.20"]
[Round "2"]
[White "Nielsen, Carl Otto"]
[Black "Larsen, Soren M"]
[Result "1/2-1/2"]
[WhiteElo "1679"]
[BlackElo "1866"]
[PlyCount "47"]
[EventDate "1998.??.??"]

1. d4 c6 2. c4 d5 3. Nf3 Nf6 4. cxd5 cxd5 5. Nc3 Nc6 6. Bf4 e6 7. e3 Bb4 8. Bd3
O-O 9. O-O a6 10. Rc1 Bd6 11. Bxd6 Qxd6 12. Qd2 Bd7 13. a3 Rac8 14. Rc2 e5 15.
dxe5 Nxe5 16. Nxe5 Qxe5 17. Rfc1 Be6 18. Bf1 g6 19. Ne2 Rxc2 20. Rxc2 Bf5 21.
Rc1 Rc8 22. Rxc8+ Bxc8 23. Qd4 Qxd4 24. Nxd4 1/2-1/2

[Event "10. Lovsprings EMT Basis 1 1998"]
[Site "Ringsted"]
[Date "1998.03.20"]
[Round "2"]
[White "Olsen, Morten Henrik"]
[Black "Jensen, Dennis"]
[Result "0-1"]
[WhiteElo "1724"]
[BlackElo "1648"]
[PlyCount "116"]
[EventDate "1998.??.??"]

1. e4 e5 2. Nf3 Nc6 3. Bb5 d6 4. c3 Bd7 5. O-O Nf6 6. Re1 a6 7. Ba4 b5 8. Bb3
Na5 9. Bc2 Be7 10. d4 exd4 11. Qxd4 c5 12. Qd3 c4 13. Qd1 O-O 14. Bf4 Bc6 15.
Nd4 Re8 16. Nd2 Bf8 17. b4 cxb3 18. axb3 Bb7 19. b4 Nc6 20. Nf1 Ne5 21. Nf3 Rc8
22. Bxe5 dxe5 23. Re3 Qc7 24. Bb1 g6 25. Ng5 h6 26. Qf3 Kg7 27. Nh3 Nh5 28. Ba2
f5 29. Bd5 Bxd5 30. exd5 e4 31. Qd1 Qd6 32. Ng3 Nf6 33. Qd4 Rc4 34. Qa7+ Re7
35. Qxa6 Qxa6 36. Rxa6 Nxd5 37. Re1 Rxc3 38. Ne2 Rc2 39. Nd4 Rc4 40. Ne6+ Kf7
41. Nxf8 Kxf8 42. Rxg6 Nxb4 43. Rxh6 Nd3 44. Ra1 Rec7 45. Kf1 Rc1+ 46. Rxc1
Rxc1+ 47. Ke2 b4 48. Rb6 Rb1 49. Ke3 b3 50. Kd4 b2 51. Ng5 Rd1 52. Nh7+ Kg7 53.
Rb7+ Kh6 54. Nf6 Nb4+ 55. Ke5 b1=Q 56. Rh7+ Kg6 57. h4 Nc6+ 58. Ke6 Qb3+ 0-1

[Event "10. Lovsprings EMT Basis 1 1998"]
[Site "Ringsted"]
[Date "1998.03.27"]
[Round "3"]
[White "Hansen, Jens Hjort"]
[Black "Christensen, Henrik"]
[Result "0-1"]
[WhiteElo "1729"]
[BlackElo "1805"]
[PlyCount "78"]
[EventDate "1998.??.??"]

1. e4 Nf6 2. e5 Nd5 3. d4 d6 4. Nf3 Bf5 5. Bd3 Bxd3 6. Qxd3 Qd7 7. c4 Nb6 8.
O-O e6 9. d5 Na6 10. Nc3 O-O-O 11. Be3 Nc5 12. Qe2 exd5 13. cxd5 Qg4 14. Bxc5
dxc5 15. Rac1 Nxd5 16. Nxd5 Rxd5 17. Rc4 Qd7 18. a4 Be7 19. Qc2 g5 20. Qc3 Rd8
21. e6 Qxe6 22. Re1 Qf6 23. Qe3 Bd6 24. b4 Rd3 25. Qe4 cxb4 26. Kf1 Rc3 27.
Qg4+ Kb8 28. Rce4 a6 29. Nxg5 h6 30. Nh7 Qg6 31. Qh4 Rc8 32. Nf6 b3 33. Nd7+
Ka7 34. Rc4 Qd3+ 35. Kg1 Qxc4 36. Qxh6 b2 37. g3 Rc1 38. Qe3+ Bc5 39. Nxc5 Qxc5
0-1

[Event "10. Lovsprings EMT Basis 1 1998"]
[Site "Ringsted"]
[Date "1998.03.27"]
[Round "3"]
[White "Henriksen, Kasper"]
[Black "Eckert, Svend"]
[Result "1-0"]
[WhiteElo "1737"]
[BlackElo "1604"]
[PlyCount "61"]
[EventDate "1998.??.??"]

1. e4 c5 2. Nf3 Nc6 3. d4 cxd4 4. Nxd4 g6 5. c4 Bg7 6. Be3 d6 7. Nc3 Nf6 8. Be2
O-O 9. O-O Ng4 10. Bxg4 Bxg4 11. Nxc6 Bxd1 12. Nxd8 Bc2 13. Rac1 Bd3 14. Rfd1
Bxc4 15. Nxb7 a5 16. Nd5 Bxd5 17. Rxd5 a4 18. b3 Bb2 19. Rb1 a3 20. Na5 Rfb8
21. Nc4 Rxb3 22. axb3 a2 23. Rdd1 axb1=Q 24. Rxb1 Bg7 25. b4 Kf8 26. b5 Rb8 27.
b6 Ke8 28. b7 Kd7 29. Ba7 Kc7 30. Bxb8+ Kxb8 31. Na5 1-0

[Event "10. Lovsprings EMT Basis 1 1998"]
[Site "Ringsted"]
[Date "1998.03.27"]
[Round "3"]
[White "Jensen, Dennis"]
[Black "Jensen, Karsten"]
[Result "0-1"]
[WhiteElo "1648"]
[BlackElo "1786"]
[PlyCount "52"]
[EventDate "1998.??.??"]

1. d4 f5 2. c4 Nf6 3. Nc3 c5 4. d5 d6 5. f3 g6 6. e4 fxe4 7. fxe4 Ng4 8. Be2
Ne5 9. Nf3 Nxf3+ 10. Bxf3 Bg7 11. Bd2 Nd7 12. Qc2 Ne5 13. Be2 O-O 14. h3 Bd7
15. O-O-O a6 16. Rhf1 Rxf1 17. Rxf1 b5 18. b3 bxc4 19. Bxc4 Nxc4 20. bxc4 Rb8
21. Nd1 Qb6 22. Bc3 Bh6+ 23. Bd2 Ba4 24. Qd3 Bg7 25. Bc3 Bxc3 26. Nxc3 Qb2# 0-1

[Event "10. Lovsprings EMT Basis 1 1998"]
[Site "Ringsted"]
[Date "1998.03.27"]
[Round "3"]
[White "Larsen, Soren M"]
[Black "Holst, Peter Stein"]
[Result "1/2-1/2"]
[WhiteElo "1866"]
[BlackElo "1840"]
[PlyCount "70"]
[EventDate "1998.??.??"]

1. e4 c5 2. Nf3 d6 3. Bb5+ Bd7 4. Qe2 Nc6 5. c3 g6 6. O-O Bg7 7. Rd1 Qc7 8. d4
cxd4 9. cxd4 a6 10. Bxc6 Bxc6 11. Nc3 b5 12. a3 Rc8 13. Bf4 Nf6 14. Rac1 O-O
15. h3 Qb6 16. d5 Ba8 17. Be3 Qa5 18. Nd4 Qd8 19. f3 Nd7 20. Na2 Ne5 21. b3 Qa5
22. Rxc8 Rxc8 23. Rc1 Rxc1+ 24. Bxc1 Qc7 25. Qc2 Qxc2 26. Nxc2 Bb7 27. Be3 Kf8
28. Kf1 Ke8 29. Ke2 e6 30. dxe6 fxe6 31. Bd4 Kf7 32. Nc3 Nd7 33. Bxg7 Kxg7 34.
a4 bxa4 35. Nxa4 Kf6 1/2-1/2

[Event "10. Lovsprings EMT Basis 1 1998"]
[Site "Ringsted"]
[Date "1998.03.27"]
[Round "3"]
[White "Mortensen, Martin Lind"]
[Black "Nielsen, Carl Otto"]
[Result "1-0"]
[WhiteElo "1828"]
[BlackElo "1679"]
[PlyCount "55"]
[EventDate "1998.??.??"]

1. e4 c5 2. c3 d5 3. exd5 Qxd5 4. d4 e6 5. Nf3 Nf6 6. Be2 Be7 7. O-O O-O 8. Be3
c4 9. Nfd2 Nc6 10. Bxc4 Qf5 11. Nf3 Bd7 12. Bd3 Qa5 13. Nbd2 Nd5 14. Qc2 f5 15.
Nc4 Nxe3 16. Nxe3 Bf6 17. Nc4 Qc7 18. Rfe1 Rac8 19. Qb3 a5 20. a4 Kh8 21. Nce5
Nxe5 22. Nxe5 Bxe5 23. Rxe5 b6 24. Rae1 Rf6 25. Bb5 Rg6 26. Bxd7 Qxd7 27. Rxe6
Rg5 28. Qb5 1-0

[Event "10. Lovsprings EMT Basis 1 1998"]
[Site "Ringsted"]
[Date "1998.03.27"]
[Round "3"]
[White "Olsen, Morten Henrik"]
[Black "Dickow, Flemming"]
[Result "1-0"]
[WhiteElo "1724"]
[BlackElo "1665"]
[PlyCount "91"]
[EventDate "1998.??.??"]

1. e4 c5 2. Nf3 e6 3. d4 cxd4 4. Nxd4 a6 5. Nc3 Qc7 6. Be3 Bb4 7. Nde2 Nf6 8.
f3 d6 9. a3 Bc5 10. Bxc5 Qxc5 11. Qd4 Nc6 12. Qxc5 dxc5 13. Na4 Nd7 14. O-O-O
b5 15. Nac3 b4 16. axb4 cxb4 17. Na4 Ke7 18. Nf4 Rb8 19. b3 Na7 20. Bc4 Nb5 21.
Rd3 Na3 22. Rd4 g5 23. Nh3 e5 24. Rd5 Nxc4 25. bxc4 f6 26. Rhd1 Nb6 27. Nxb6
Rxb6 28. c5 Rc6 29. Nf2 Be6 30. Rd6 Rhc8 31. Nd3 a5 32. Kb2 Bc4 33. Rd7+ Ke6
34. Nf2 h5 35. Ra7 Rxc5 36. Rdd7 Re8 37. Nd1 a4 38. Ne3 a3+ 39. Kb1 Bb5 40. Rf7
Ba4 41. Rfb7 Bc6 42. Rc7 Rc3 43. Nf5 a2+ 44. Kb2 a1=Q+ 45. Kxa1 Ra3+ 46. Rxa3
1-0

[Event "10. Lovsprings EMT Basis 1 1998"]
[Site "Ringsted"]
[Date "1998.03.27"]
[Round "3"]
[White "Rasmussen, Henning"]
[Black "Andersson, Martin"]
[Result "1-0"]
[WhiteElo "1812"]
[BlackElo "1659"]
[PlyCount "85"]
[EventDate "1998.??.??"]

1. e4 g6 2. d4 Bg7 3. Bc4 d6 4. Nc3 Nf6 5. Nf3 O-O 6. Be3 Nbd7 7. Qd2 a6 8. a3
c5 9. O-O Ng4 10. Bg5 b6 11. h3 Ngf6 12. Rfe1 Bb7 13. Nd5 Rc8 14. Ba2 e6 15.
Nxf6+ Bxf6 16. Bxf6 Nxf6 17. d5 exd5 18. Bxd5 Nxd5 19. exd5 Re8 20. Rxe8+ Qxe8
21. Re1 Qd7 22. c4 Re8 23. Re3 b5 24. b3 Re7 25. Qe2 Rxe3 26. Qxe3 bxc4 27.
bxc4 a5 28. Qh6 Ba6 29. Ng5 f6 30. Ne6 Qf7 31. Qd2 Qd7 32. Qh6 Qf7 33. Qf4 Qe7
34. Qd2 Qd7 35. Qc3 Kf7 36. Qxa5 Bxc4 37. Qc7 Qxc7 38. Nxc7 Ke7 39. a4 Kd7 40.
Na8 Kc8 41. Nb6+ Kb8 42. Nxc4 Ka7 43. f3 1-0

[Event "10. Lovsprings EMT Basis 1 1998"]
[Site "Ringsted"]
[Date "1998.04.17"]
[Round "4"]
[White "Eckert, Svend"]
[Black "Christensen, Henrik"]
[Result "1-0"]
[WhiteElo "1604"]
[BlackElo "1805"]
[PlyCount "131"]
[EventDate "1998.??.??"]

1. d4 d5 2. Nf3 Nf6 3. e3 e6 4. Bd3 c6 5. Nbd2 Nbd7 6. O-O Bd6 7. e4 dxe4 8.
Nxe4 Nxe4 9. Bxe4 Nf6 10. Re1 Qc7 11. Ne5 Nxe4 12. Rxe4 f6 13. Qh5+ g6 14. Nxg6
Qf7 15. Rh4 Rg8 16. Nf4 Qxh5 17. Nxh5 Kf7 18. Bf4 Be7 19. Ng3 Rg7 20. Rh6 Kg8
21. Re1 Bd7 22. Ne4 Rg6 23. Rxg6+ hxg6 24. Bd6 Kf7 25. b3 Rd8 26. c4 f5 27.
Bxe7 Kxe7 28. Ng5 Kf6 29. h4 Bc8 30. Nf3 b6 31. Kf1 Bb7 32. Ke2 c5 33. dxc5
bxc5 34. g3 Be4 35. Ng5 Bd3+ 36. Ke3 Bc2 37. f4 a5 38. Re2 Bb1 39. Kf2 Rd6 40.
Rb2 Rd1 41. Re2 Rd6 42. Ke1 Ra6 43. Rb2 Be4 44. Nxe4+ fxe4 45. g4 e5 46. fxe5+
Kxe5 47. Rd2 Kf4 48. g5 Kg4 49. Rd5 Rc6 50. Ke2 Kxh4 51. Ke3 Kg4 52. Kxe4 a4
53. Re5 axb3 54. axb3 Rb6 55. Rxc5 Rxb3 56. Kd4 Rb8 57. Rd5 Kf4 58. c5 Rb4+ 59.
Kc3 Rb1 60. Kc4 Ke4 61. Rd6 Kf5 62. Rd5+ Ke4 63. Rd4+ Kf5 64. c6 Kxg5 65. Kd5
Kf5 66. c7 1-0

[Event "10. Lovsprings EMT Basis 1 1998"]
[Site "Ringsted"]
[Date "1998.04.17"]
[Round "4"]
[White "Henriksen, Kasper"]
[Black "Rasmussen, Henning"]
[Result "0-1"]
[WhiteElo "1737"]
[BlackElo "1812"]
[PlyCount "80"]
[EventDate "1998.??.??"]

1. d4 d5 2. Nf3 Nf6 3. c4 e6 4. Nc3 c5 5. cxd5 cxd4 6. Qxd4 exd5 7. Bg5 Be7 8.
e3 Nc6 9. Bb5 O-O 10. Bxc6 bxc6 11. O-O c5 12. Qd2 Bb7 13. Rfd1 Ne4 14. Nxe4
dxe4 15. Qc3 Qe8 16. Bxe7 Qxe7 17. Ne5 Rfd8 18. Nc4 Rxd1+ 19. Rxd1 Rd8 20.
Rxd8+ Qxd8 21. Qd2 Qxd2 22. Nxd2 Bd5 23. a3 Kf8 24. f3 exf3 25. gxf3 f5 26. Kf2
Ke7 27. e4 fxe4 28. fxe4 Bf7 29. Ke3 Kf6 30. b4 cxb4 31. axb4 g5 32. Kd4 g4 33.
Kc5 Ke5 34. Kc6 h5 35. Kb7 h4 36. Kxa7 Kf4 37. b5 g3 38. hxg3+ hxg3 39. b6 g2
40. b7 g1=Q+ 0-1

[Event "10. Lovsprings EMT Basis 1 1998"]
[Site "Ringsted"]
[Date "1998.04.17"]
[Round "4"]
[White "Jensen, Dennis"]
[Black "Nielsen, Carl Otto"]
[Result "1-0"]
[WhiteElo "1648"]
[BlackElo "1679"]
[PlyCount "67"]
[EventDate "1998.??.??"]

1. d4 Nf6 2. c4 e6 3. Nc3 Bb4 4. Bd2 b6 5. e3 Bb7 6. Nf3 O-O 7. Be2 d6 8. O-O
Nbd7 9. a3 Bxc3 10. Bxc3 Ne4 11. Rc1 Ndf6 12. b4 Qe7 13. Bb2 Rfd8 14. Nd2 Nxd2
15. Qxd2 Ne4 16. Qc2 Ng5 17. f4 Ne4 18. Bf3 f5 19. Rfd1 Rac8 20. Qe2 Qf7 21.
Rc2 Bc6 22. b5 Bb7 23. a4 c5 24. Ba3 a6 25. dxc5 dxc5 26. Bb2 axb5 27. axb5
Rxd1+ 28. Qxd1 Qe7 29. Bxe4 Bxe4 30. Rd2 Rc7 31. Be5 Ra7 32. Rd6 Rb7 33. Rd8+
Kf7 34. Qh5+ 1-0

[Event "10. Lovsprings EMT Basis 1 1998"]
[Site "Ringsted"]
[Date "1998.04.17"]
[Round "4"]
[White "Larsen, Soren M"]
[Black "Dickow, Flemming"]
[Result "1/2-1/2"]
[WhiteElo "1866"]
[BlackElo "1665"]
[PlyCount "63"]
[EventDate "1998.??.??"]

1. e4 c5 2. Nf3 Nc6 3. d4 cxd4 4. Nxd4 Nf6 5. Nc3 e5 6. Ndb5 d6 7. Bg5 a6 8.
Na3 b5 9. Nd5 Be7 10. Bxf6 Bxf6 11. c3 Ne7 12. Nxf6+ gxf6 13. Nc2 f5 14. Bd3
fxe4 15. Bxe4 d5 16. Bf3 O-O 17. g3 Kh8 18. h4 Be6 19. Qd2 Ra7 20. Qe3 Nc6 21.
O-O Rd7 22. Nb4 d4 23. Nxc6 dxe3 24. Nxd8 exf2+ 25. Rxf2 Rfxd8 26. Be4 Rd1+ 27.
Rxd1 Rxd1+ 28. Rf1 Rxf1+ 29. Kxf1 Bxa2 30. b4 Kg7 31. Kf2 h6 32. Ke3 1/2-1/2

[Event "10. Lovsprings EMT Basis 1 1998"]
[Site "Ringsted"]
[Date "1998.04.17"]
[Round "4"]
[White "Mortensen, Martin Lind"]
[Black "Andersson, Martin"]
[Result "1/2-1/2"]
[WhiteElo "1828"]
[BlackElo "1659"]
[PlyCount "47"]
[EventDate "1998.??.??"]

1. d4 g6 2. c4 Bg7 3. Nc3 d6 4. e4 Nf6 5. f3 O-O 6. Be3 Ne8 7. Qd2 e6 8. Bd3
Nc6 9. Nge2 f5 10. O-O-O a6 11. f4 Bd7 12. e5 Nb4 13. g4 b5 14. gxf5 exf5 15.
h4 c5 16. dxc5 dxe5 17. Bxf5 Rxf5 18. Qxd7 Qxd7 19. Rxd7 exf4 20. Nxf4 Bh6 21.
Ncd5 Nxd5 22. Nxd5 Bxe3+ 23. Nxe3 Rxc5 24. Re1 1/2-1/2

[Event "10. Lovsprings EMT Basis 1 1998"]
[Site "Ringsted"]
[Date "1998.04.17"]
[Round "4"]
[White "Olsen, Morten Henrik"]
[Black "Holst, Peter Stein"]
[Result "0-1"]
[WhiteElo "1724"]
[BlackElo "1840"]
[PlyCount "28"]
[EventDate "1998.??.??"]

1. e4 c5 2. Nf3 Nc6 3. d4 cxd4 4. Nxd4 Nf6 5. Nc3 e5 6. Nxc6 bxc6 7. f3 Bb4 8.
Bd2 O-O 9. a3 Be7 10. h4 d5 11. exd5 cxd5 12. h5 d4 13. Ne4 Nxe4 14. fxe4 Bh4+
0-1

[Event "10. Lovsprings EMT Basis 1 1998"]
[Site "Ringsted"]
[Date "1998.04.24"]
[Round "5"]
[White "Christensen, Henrik"]
[Black "Mortensen, Martin Lind"]
[Result "1-0"]
[WhiteElo "1805"]
[BlackElo "1828"]
[PlyCount "79"]
[EventDate "1998.??.??"]

1. d4 Nf6 2. g3 g6 3. Bg2 d5 4. c4 c6 5. Nc3 Bg7 6. Nf3 O-O 7. b3 Be6 8. O-O
dxc4 9. e4 cxb3 10. axb3 Bg4 11. Qd2 Bxf3 12. Bxf3 Qd7 13. e5 Nd5 14. Ne4 Na6
15. Ba3 Rfd8 16. Rfe1 Ndc7 17. Rad1 Nb5 18. Bb2 Qc7 19. Qe3 Nb4 20. Rc1 Nd5 21.
Qe2 Qb6 22. Red1 a5 23. Rc4 Qc7 24. Qc2 Qb8 25. Ra4 Nb6 26. Raa1 Qc8 27. Qc5
Nd5 28. Be2 Qd7 29. Qc4 Nbc7 30. Nc5 Qc8 31. Bf3 b6 32. Ne4 b5 33. Qxc6 Ra6 34.
Qc2 Nb4 35. Qe2 Ncd5 36. Qxb5 Qf5 37. Qe2 Bh6 38. Bg4 Nf4 39. gxf4 Qxf4 40. Bc1
1-0